000 00356nam a2200145Ia 4500
008 230312s9999||||xx |||||||||||||| ||und||
020 _a9789696520115
082 _a891.4
_bNAJ-M
100 _aڈاکڑ نجم السحربٹ
245 0 _aمیری آخری جنگ
260 _bJamhori
_apak
_c2015
300 _a127
650 _aLiterature
942 _cBK
999 _c14919
_d14919